000 00559nam a22002537a 4500
003 UA-OsUOA
001 26530
007 ta
008 20040607b un ||||| |||| 00| 0 ukr d
100 _aЛевинштейн М.Е.
700 _aСимин Г.С.
090 _a539
_bЛ36
942 _cBK
040 _aUA-OsUOA
_brus
_cUA-OsUOA
_dUA-OsUOA
245 _aБарьеры
300 _a320 с.
955 _a0
041 _arus
080 _a539
260 _aМосква
_bНаука
_c1987
044 _aRU
650 7 _2UDC
999 _c312855
_d312855